Apolo con el cuchillo en la mano: una aproximación experimental al politeísmo griego

Збережено в:
Бібліографічні деталі
Автор: Detienne, Marcel (Автор)
Формат: Книга
Мова:Іспанська
Опубліковано: Madrid Akal Ediciones 2001
Редагування:1a. ed
Серія:Akal Universitaria. Serie Interdisciplinar, 220
Предмети:
Теги: Додати тег
Немає тегів, Будьте першим, хто поставить тег для цього запису!

MARC

LEADER 00000cam a2200000 a 4500
001 UCD8899
003 CL-VaPUC
008 170527e20010000sp |||||||||||||||||spa|d
020 |a 8446011379 
082 0 4 |a 292.08  |b DET  |2 21 
100 0 |a Detienne, Marcel  |e author  |9 592475 
245 1 0 |a Apolo con el cuchillo en la mano: una aproximación experimental al politeísmo griego 
250 |a 1a. ed 
300 |a 287 p 
942 |c BK 
945 |d 20170527 00:32:00  |a arojas 
260 |a Madrid  |b Akal Ediciones  |c 2001 
600 0 7 |a APOLO  |2 CL-VaPUC  |9 385976 
650 7 |a POLITEISMO  |2 CL-VaPUC  |9 389619 
650 7 |a RITOS Y COSTUMBRES  |2 CL-VaPUC  |9 531327 
650 0 |a Religiones antiguas  |9 314285 
583 |a last modification  |c 20170527 00:32:00  |k Rodrigo Vera 
490 0 |a Akal Universitaria. Serie Interdisciplinar, 220 
999 |c 368205  |d 368203 
952 |0 0  |1 0  |3 erb  |4 0  |6 292_080000000000000_DET_2001  |7 0  |8 A  |9 483476  |a BIBEDU  |b BIBEDU  |i 5377889  |o 292.08 DET 2001  |p 5377889  |r 2019-11-24  |w 2019-11-24  |y BK  |z Catalogado en:20170527  |k FIL